• 首页
  • 本馆介绍
  • 公告通知
  • 最新文献
  • 馆藏检索
  • 电子资源
  • 读者导购
  • 参考咨询
  • 我的图书馆
  • 登录
  • 详细信息显示
  • 放入我的书架
  • 预约/预借图书
  • 作者相关作品
  • 分类相关作品
  • 丛书相关作品
  • 出版社相关作品

书目信息

  • 表格格式
  • 工作单格式
  • 卡片格式
题名:
领导干部礼仪读本
    
 
作者: 陶红亮 主编
分册:  
出版信息: 昆明   云南人民出版社  2019
页数: 239页
开本: 24cm
丛书名: 党政领导工作实务书系
单 册:
中图分类: C933 , K891
科图分类:
主题词: 领导人员--ling dao ren yuan--礼仪--基本知识
电子资源:
ISBN: 978-7-222-17549-5
000 01270oam2 2200289 450
001 2160520568
005 20210926145317.0
010    @a978-7-222-17549-5@dCNY49.80
100    @a20190307d2019 em y0chiy0120 ea
101 0  @achi
102    @aCN@b530000
105    @ay z 000yy
106    @ar
200 1  @a领导干部礼仪读本@Aling dao gan bu li yi du ben@e党政机关及国企员工礼仪实用工具书@f陶红亮主编
210    @a昆明@c云南人民出版社@d2019
215    @a239页@d24cm
225 2  @a党政领导工作实务书系@Adang zheng ling dao gong zuo shi wu shu xi
300    @a党政机关及国企员工礼仪实用工具书
330    @a本书的写作风格突出实用性。语言通俗、简练、生动,没有抽象的理论和枯燥的说教。用简单易懂的语言,将艰涩复杂的知识进行讲解。保证每一条建议、每一个方法都让你一看就懂,拿来就能用。本书从实用性出发,为你详细介绍领导干部工作中与生活中可能用到的礼仪知识,可作为一本指导领导干部礼仪的工具书使用。
461  0 @12001 @a党政领导工作实务书系
517 1  @a党政机关及国企员工礼仪实用工具书@Adang zheng ji guan ji guo qi yuan gong li yi shi yong gong ju shu
606 0  @a领导人员@Aling dao ren yuan@x礼仪@x基本知识
690    @aC933@v5
690    @aK891@v5
701  0 @a陶红亮@Atao hong liang@4主编
801  0 @aCN@b百万庄@c20210926
905    @b1300867-870@dC933@e866@f4
    
    领导干部礼仪读本:党政机关及国企员工礼仪实用工具书/陶红亮主编.-昆明:云南人民出版社,2019
    239页;24cm.-(党政领导工作实务书系)
    党政机关及国企员工礼仪实用工具书
    
    ISBN 978-7-222-17549-5:CNY49.80
    本书的写作风格突出实用性。语言通俗、简练、生动,没有抽象的理论和枯燥的说教。用简单易懂的语言,将艰涩复杂的知识进行讲解。保证每一条建议、每一个方法都让你一看就懂,拿来就能用。本书从实用性出发,为你详细介绍领导干部工作中与生活中可能用到的礼仪知识,可作为一本指导领导干部礼仪的工具书使用。
●
相关链接 在E读中查询图书 在五车中查询图书 在当当中查询图书 在豆瓣中查询图书


正题名:领导干部礼仪读本     索取号:C933/866         预约/预借

序号 登录号 条形码 馆藏地/架位号 状态 备注
1 1300867   213008671   第一样本阅览室/ [索取号:C933/866] 在馆    
2 1300868   213008680   第一借阅区/ [索取号:C933/866] 在馆    
3 1300869   213008699   第一借阅区/ [索取号:C933/866] 在馆    
4 1300870   213008706   第一借阅区/ [索取号:C933/866] 在馆    
唐山师范学院图书馆 欢迎您!
大连网信软件有限公司© 版权所有